|
|
|
|
| LEADER |
00735nam#a2200265#a#4500 |
| 001 |
008500 |
| 005 |
20160721144745.0 |
| 008 |
020604s1994####ve##################spa#d |
| 020 |
|
|
|a 9800718893
|
| 040 |
|
|
|a AR-beUNQ
|
| 099 |
|
|
|a 05-P70
|
| 110 |
2 |
|
|a Programa Bolívar
|
| 245 |
0 |
0 |
|a Notas para un diálogo urgente
|c Programa Bolívar.
|
| 250 |
|
|
|a 2a. ed.
|
| 260 |
|
|
|a Caracas :
|b Torino,
|c 1994
|
| 300 |
|
|
|a 258 p
|
| 650 |
|
7 |
|a TECNOLOGIA
|2 Spines
|
| 650 |
|
7 |
|a EMPRESAS
|2 Spines
|
| 650 |
|
7 |
|a COMPETENCIA ECONOMICA
|2 Spines
|
| 650 |
|
7 |
|a INTEGRACION ECONOMICA
|2 Spines
|
| 651 |
|
7 |
|a AMERICA LATINA
|2 toit
|
| 653 |
|
|
|a PYMES
|
| 929 |
|
|
|a COMPRA
|b Alberto Díaz
|d 6,00E
|e 20020529
|f patrimonio
|j 31813
|
| 942 |
|
|
|c LIB
|n 0
|
| 999 |
|
|
|c 10996
|d 86383
|